| 000 | 01012nam a2200253 a 4500 | ||
|---|---|---|---|
| 999 |
_c1915 _d1915 |
||
| 001 | 920 | ||
| 003 | BD-DhUAP | ||
| 005 | 20200217165601.0 | ||
| 008 | 200217s1990 enk b 101 0 eng d | ||
| 020 | _a0851431232 | ||
| 040 |
_aDLC _cDLC _beng _dBD-DhUAP |
||
| 082 | 0 | 0 |
_a370.1963 AWA _223 |
| 245 | 0 | 0 | _aAwards for Commonwealth university academic staff 1990-92. |
| 260 |
_aLondon : _bThe Association of Commonwealth University, _cc1990. |
||
| 300 |
_a233 pages ; _c22 cm. |
||
| 500 | _afellowships, visiting professorships, grants etc. open to university academic staff in a Commonwealth country who wish to carry out research, make study visits, or teach for a while at a university in another Commonwealth country. | ||
| 504 | _aIncludes bibliographical references and index. | ||
| 650 | _aResearch grants. | ||
| 650 |
_aUniversities and colleges _xFaculty. |
||
| 650 | _aScholarships. | ||
| 710 | _aAssociation of Commonwealth Universities. | ||
| 942 |
_2ddc _cBK |
||